| 000 | 00728nam a22002537a 4500 | ||
|---|---|---|---|
| 001 | 66810 | ||
| 003 | BD-RjUL | ||
| 005 | 20211209081559.0 | ||
| 008 | 170320s1979 nyua|||| |||| 001 0 eng d | ||
| 020 | _a0600341046 | ||
| 035 | _a(BD-RjUL)66941 | ||
| 040 |
_aBD-RjUL _beng _cBD-RjUL |
||
| 041 | _aeng | ||
| 082 |
_223 _a623.4425 _bILL 1979 |
||
| 245 | 0 | 4 |
_aThe illustrated book of guns and rifles / _cEdited by Frederick Wilkinson. |
| 260 |
_aLondon ; _aNew York : _bHamlyn, _cc1979. |
||
| 300 |
_a191 p. : _bill. ; _c29 cm. |
||
| 500 | _aIncludes index. | ||
| 650 |
_aFirearms _xHistory. _9197804 |
||
| 650 |
_aRifles. _9197805 |
||
| 650 |
_aFirearms. _9197806 |
||
| 700 |
_aWilkinson, Frederick. _9197807 |
||
| 942 |
_2ddc _cBK |
||
| 999 |
_c66810 _d66810 |
||